Т. 2; Экономика России в XXI веке
| Parent link: | Экономика России в XXI веке: сборник научных трудов XII Международной научно-практической конференции "Экономические науки и прикладные исследования", г. Томск, 17-21 ноября 2015 г./ Национальный исследовательский Томский политехнический университет (ТПУ) ; ред. кол. Г. А. Барышева [и др.]. Т. 2.— , 2015 |
|---|---|
| Summary: | Заглавие с титульного экрана В сборнике представлен широкий круг исследований ученых-экономистов, преподавателей, аспирантов, студентов и молодых ученых городов России и зарубежья. В сборнике представлены результаты фундаментальных и прикладных исследований роли государства, общества, компании и человека в периоды трансформационных изменений социально-экономических систем. Рассмотрены различные аспекты благополучия человека и общества на микро- и макроуровне в России и за рубежом. |
| Idioma: | ruso |
| Publicado: |
2015
|
| Subjects: | |
| Acceso en liña: | http://earchive.tpu.ru/handle/11683/15467 http://www.lib.tpu.ru/fulltext/c/2015/C40/V2/C40_V2.pdf |
| Formato: | Electrónico Libro |
| KOHA link: | https://koha.lib.tpu.ru/cgi-bin/koha/opac-detail.pl?biblionumber=616185 |
MARC
| LEADER | 00000nam2a2200000 4500 | ||
|---|---|---|---|
| 001 | 616185 | ||
| 005 | 20231102023607.0 | ||
| 035 | |a (RuTPU)RU\TPU\conf\14423 | ||
| 090 | |a 616185 | ||
| 100 | |a 20151217d2015 k y0rusy50 ca | ||
| 101 | 0 | |a rus | |
| 102 | |a RU | ||
| 105 | |a a z 101zy | ||
| 135 | |a drcn ---uucaa | ||
| 181 | 0 | |a i | |
| 182 | 0 | |a b | |
| 200 | 0 | |a Т. 2 | |
| 203 | |a Текст |c электронный | ||
| 210 | |d 2015 | ||
| 230 | |a 1 компьютерный файл (pdf; 7,1 MB) | ||
| 300 | |a Заглавие с титульного экрана | ||
| 330 | |a В сборнике представлен широкий круг исследований ученых-экономистов, преподавателей, аспирантов, студентов и молодых ученых городов России и зарубежья. В сборнике представлены результаты фундаментальных и прикладных исследований роли государства, общества, компании и человека в периоды трансформационных изменений социально-экономических систем. Рассмотрены различные аспекты благополучия человека и общества на микро- и макроуровне в России и за рубежом. | ||
| 337 | |a Adobe Reader | ||
| 461 | 1 | |0 (RuTPU)RU\TPU\conf\14421 |t Экономика России в XXI веке |o сборник научных трудов XII Международной научно-практической конференции "Экономические науки и прикладные исследования", г. Томск, 17-21 ноября 2015 г. |o в 2 т. |f Национальный исследовательский Томский политехнический университет (ТПУ) ; ред. кол. Г. А. Барышева [и др.] |v Т. 2 |d 2015 | |
| 606 | 1 | |a Экономика |x Россия |2 stltpush |3 (RuTPU)RU\TPU\subj\37358 |9 58389 | |
| 610 | 1 | |a конференции | |
| 610 | 1 | |a труды учёных ТПУ | |
| 610 | 1 | |a электронный ресурс | |
| 610 | 1 | |a Россия | |
| 610 | 1 | |a экономические науки | |
| 610 | 1 | |a фундаментальные исследования | |
| 610 | 1 | |a прикладные исследования | |
| 610 | 1 | |a государство | |
| 610 | 1 | |a общество | |
| 610 | 1 | |a рыночная экономика | |
| 610 | 1 | |a инвестиции | |
| 610 | 1 | |a благополучие | |
| 610 | 1 | |a конкурентоспособность | |
| 610 | 1 | |a предпринимательская деятельность | |
| 610 | 1 | |a государственное управление | |
| 610 | 1 | |a маркетинг | |
| 610 | 1 | |a методология | |
| 610 | 1 | |a трансформационные процессы | |
| 610 | 1 | |a 21 век | |
| 686 | |a У9(2)0л0 |v LBC/SL-A |2 rubbk | ||
| 801 | 2 | |a RU |b 63413507 |c 20210209 |g RCR | |
| 856 | 4 | |u http://earchive.tpu.ru/handle/11683/15467 | |
| 856 | 4 | |u http://www.lib.tpu.ru/fulltext/c/2015/C40/V2/C40_V2.pdf | |
| 942 | |c BK | ||